<?xml version='1.0' encoding='UTF-8'?>
  <record xmlns="http://www.loc.gov/MARC21/slim">
    <leader>00000cam a22000007i 4500</leader>
    <controlfield tag="001">ocn902182073</controlfield>
    <controlfield tag="003">OCoLC</controlfield>
    <controlfield tag="005">20251223045553.3</controlfield>
    <controlfield tag="008">150127m15841588sz            001 0 lat d</controlfield>
    <datafield tag="040" ind1=" " ind2=" ">
      <subfield code="a">NLGGC</subfield>
      <subfield code="b">eng</subfield>
      <subfield code="e">rda</subfield>
      <subfield code="e">dcrmr</subfield>
      <subfield code="c">NLGGC</subfield>
      <subfield code="d">QGJ</subfield>
      <subfield code="d">OCLCQ</subfield>
      <subfield code="d">QGJ</subfield>
      <subfield code="d">OCLCO</subfield>
      <subfield code="d">OCLCL</subfield>
      <subfield code="d">OCLCQ</subfield>
      <subfield code="d">QGJ</subfield>
      <subfield code="d">OCLCA</subfield>
      <subfield code="d">QGJ</subfield>
    </datafield>
    <datafield tag="029" ind1="0" ind2=" ">
      <subfield code="a">NLGGC</subfield>
      <subfield code="b">388602449</subfield>
    </datafield>
    <datafield tag="035" ind1=" " ind2=" ">
      <subfield code="a">(OCoLC)902182073</subfield>
    </datafield>
    <datafield tag="041" ind1="0" ind2=" ">
      <subfield code="a">lat</subfield>
      <subfield code="a">gre</subfield>
    </datafield>
    <datafield tag="044" ind1=" " ind2=" ">
      <subfield code="a">fr</subfield>
      <subfield code="a">sz</subfield>
    </datafield>
    <datafield tag="245" ind1="0" ind2="0">
      <subfield code="a">Doctrinae Jesuitarum praecipua capita :</subfield>
      <subfield code="b">a doctis quibusdam theologis (quorum libri sequente pagina continentur) retexta, solidis rationibus testimoniisque sacrarum scripturarum &amp; doctorum veteris Ecclesiae confutata.</subfield>
    </datafield>
    <datafield tag="246" ind1="1" ind2=" ">
      <subfield code="a">Doctrinae Jesuiticae praecipua capita</subfield>
    </datafield>
    <datafield tag="264" ind1=" " ind2="1">
      <subfield code="a">Rupellae :</subfield>
      <subfield code="b">Apud Theophilum Regium,</subfield>
      <subfield code="c">M.D.LXXXIIII.-M.D.LXXXVIII. [1584-1588]</subfield>
    </datafield>
    <datafield tag="300" ind1=" " ind2=" ">
      <subfield code="a">6 volumes ([15], 708 [that is, 807]; [12], 229, 862, [18], 48; [16], 1079; 1136; [18], 961; [14], 540, [4], 238, [4] pages) ;</subfield>
      <subfield code="c">17 cm (8vo)</subfield>
    </datafield>
    <datafield tag="336" ind1=" " ind2=" ">
      <subfield code="a">text</subfield>
      <subfield code="b">txt</subfield>
      <subfield code="2">rdacontent</subfield>
    </datafield>
    <datafield tag="337" ind1=" " ind2=" ">
      <subfield code="a">unmediated</subfield>
      <subfield code="b">n</subfield>
      <subfield code="2">rdamedia</subfield>
    </datafield>
    <datafield tag="338" ind1=" " ind2=" ">
      <subfield code="a">volume</subfield>
      <subfield code="b">nc</subfield>
      <subfield code="2">rdacarrier</subfield>
    </datafield>
    <datafield tag="340" ind1=" " ind2=" ">
      <subfield code="m">8vo</subfield>
      <subfield code="2">rdabf</subfield>
    </datafield>
    <datafield tag="500" ind1=" " ind2=" ">
      <subfield code="a">Fictitious imprint. According to the Bibliothèque nationale de France probably printed in Geneva by Antoine Chuppin, Eustache Vignon, Jacob Stoer, Denis Preud'homme and Élie Viollier. According to GLN 15-16 and Van Raalte printed by Eustache Vignon in Geneva.</subfield>
    </datafield>
    <datafield tag="500" ind1=" " ind2=" ">
      <subfield code="a">Separate parts partly with separate title page.</subfield>
    </datafield>
    <datafield tag="500" ind1=" " ind2=" ">
      <subfield code="a">Volume 1: Altera editio, priore emendatior, &amp; duplo auctior (reprint of the 1580 edition and includes four additional works).</subfield>
    </datafield>
    <datafield tag="500" ind1=" " ind2=" ">
      <subfield code="a">Two works in volume 1 titled Academiae Nemausensis are authored by Jean de Serres (Van Raalte, p. 585).</subfield>
    </datafield>
    <datafield tag="500" ind1=" " ind2=" ">
      <subfield code="a">From part 2 onwards titled: Doctrinae Jesuiticae praecipua capita.</subfield>
    </datafield>
    <datafield tag="500" ind1=" " ind2=" ">
      <subfield code="a">Volume 2 published in 2 parts, each with a separate title page, pagination and signatures. Part 2 contains 3 works with continuous signatures; 2nd and 3rd works have separate half-titles and pagination.</subfield>
    </datafield>
    <datafield tag="500" ind1=" " ind2=" ">
      <subfield code="a">Volume 4: pagination does not match table of contents; pagination skips numbers 663-736.</subfield>
    </datafield>
    <datafield tag="500" ind1=" " ind2=" ">
      <subfield code="a">Signatures: Volume 1: *⁸ A-Z⁸ Aa-Zz⁸ ²Aa-Dd⁸ Ee⁴.</subfield>
    </datafield>
    <datafield tag="500" ind1=" " ind2=" ">
      <subfield code="a">Signatures: Volume 2: ¶⁸ *⁴ A-O⁸ P⁴ ; (.)⁸ A-Z⁸ Aa-Zz⁸ AAa-MMm⁸.</subfield>
    </datafield>
    <datafield tag="500" ind1=" " ind2=" ">
      <subfield code="a">Signatures: Volume 3: ¶⁸ a-z⁸ A-Z⁸ Aa-Oo⁸ Pp⁴ Qq-Yy⁸.</subfield>
    </datafield>
    <datafield tag="500" ind1=" " ind2=" ">
      <subfield code="a">Signatures: Volume 4: ã⁸ ẽ⁴ A-Z⁸ Aa-Ss⁸ Tt⁴ Aaa-Zzz⁸ AAaa-BBbb⁸ (Cc2 missigned *2).</subfield>
    </datafield>
    <datafield tag="500" ind1=" " ind2=" ">
      <subfield code="a">Signatures: Volume 5: *⁸ Aaa-Mmm⁸ N-O⁸ Ppp-Zzz⁸ AAa-ZZz⁸ AAaa-OOoo⁸ (Eee1 missigned E1, GGg2 missigned Ggg2, GGg4 missigned Ggg4, HHh1-2 missigned Hhh1-2).</subfield>
    </datafield>
    <datafield tag="500" ind1=" " ind2=" ">
      <subfield code="a">Signatures: Volume 6: ¶⁸ a-z⁸ A-L⁸ M² ²A-²P⁸ ²Q² (¶8, L7-8, 2Q2 are blank; r2 missigned p, x2 missigned n2, G2 missigned F2).</subfield>
    </datafield>
    <datafield tag="500" ind1=" " ind2=" ">
      <subfield code="a">With title page vignettes, initials, head- and tail-pieces, and printed marginalia.</subfield>
    </datafield>
    <datafield tag="500" ind1=" " ind2=" ">
      <subfield code="a">Includes indexes.</subfield>
    </datafield>
    <datafield tag="505" ind1="0" ind2="0">
      <subfield code="g">[Volume I.] [Without separate title] --</subfield>
      <subfield code="g">Volume II.</subfield>
      <subfield code="t">Scripta quaedam, in quibus Jesuitarum sophismata solidis rationibus testimoniisque sacrarum scripturarum &amp; doctorum veteris Ecclesiae, refelluntur--</subfield>
      <subfield code="g">Volume III.</subfield>
      <subfield code="t">Scripta nonnulla, adversus hypocrisin &amp; errores novae istius sodalitatis, quae sacrosanctum Jesu nomen sibi arroganter &amp; falso tribuit.--</subfield>
      <subfield code="g">Volume IV.</subfield>
      <subfield code="t">Nonnulla scripta, in quibus tum ex scripto Dei verbo, tum ex veteris Ecclesiae suffragiis, varia Christianae religionis dogmata a fallaciis &amp; corruptelis Jesuiticae sectae vindicantur--</subfield>
      <subfield code="g">Volume V.</subfield>
      <subfield code="t">Varii libelli adversus fraudes &amp; multiplicia mendacia novae istius Antichristi sectae, quae sacrosanctum Jesu nomen sibi falso &amp; arroganter tribuit --</subfield>
      <subfield code="g">Volume VI.</subfield>
      <subfield code="t">Scripta quaedam, in quibus tum ex scripto Dei verbo, tum ex orthodoxae antiquitatis catholico consensu, nonnulli doctrinae Christianae articuli a Jesuitarum corruptelis vindicantur.</subfield>
    </datafield>
    <datafield tag="505" ind1="0" ind2="0">
      <subfield code="g">Volume 1:</subfield>
      <subfield code="t">Theologiae Iesuitarum /</subfield>
      <subfield code="r">per Martinum Kemnicium --</subfield>
      <subfield code="t">De origine Iesuitarum, &amp; quo consilio secta illa recens instituta sit /</subfield>
      <subfield code="r">per Martinum Kemnicium --</subfield>
      <subfield code="t">De scara Scriptura --</subfield>
      <subfield code="t">De Peccato --</subfield>
      <subfield code="t">De Libero arbitrio --</subfield>
      <subfield code="t">De Lege --</subfield>
      <subfield code="t">De Euangelio --</subfield>
      <subfield code="t">De Iustificatione --</subfield>
      <subfield code="t">De Fide --</subfield>
      <subfield code="t">De Bonis operibus -- De Coena Domini --</subfield>
      <subfield code="t">De Inuocatione sanctorum --</subfield>
      <subfield code="t">De Poenitentia --</subfield>
      <subfield code="t">De Confirmatione --</subfield>
      <subfield code="t">De Extrema vnctione --</subfield>
      <subfield code="t">De Imaginibus --</subfield>
      <subfield code="t">De Coelibatu --</subfield>
      <subfield code="t">Axiomata Iesuuitarum --</subfield>
      <subfield code="t">Assertio veteris ac veri Christianismi aduersus nouum et fictum Iesuuitismum seu societatem Iesu /</subfield>
      <subfield code="r">authore P. Boquino Biturigo --</subfield>
      <subfield code="t">Fides Iesu et Iesuitarum, Hoc est, Antitheton seu collatio doctrinae Iesu cum doctrina Iesuitarum papisticorum, ex S. literis, Patrum scriptis &amp; Iesuitarum farraginibus collecta /</subfield>
      <subfield code="r">[per Donatum Gotuisum Triuonensem] --</subfield>
      <subfield code="t">Academiae Nemausensis breuis et modesta Responsio, Ad professorum Turnoniorum societatis, vt aiunt, Iesu assertiones, quas Theologicas &amp; Philosophicas appellant /</subfield>
      <subfield code="r">[Joannes Serranus] --</subfield>
      <subfield code="t">Academiae Nemausensis expostulario De Iesuitarum Turnoniorum bis cocta (vt ipsi disertè aiunt) Crambe /</subfield>
      <subfield code="r">[Joannes Serranus] --</subfield>
      <subfield code="t">Consensus Iesuitatum et Christianorum in doctrina Religionis. Vbi examinantur Propositiones Confessionis Augustinianae, quibus ceu Catholicis pronunciatis, D. Hieronymus Torrensis Iesuita, summam totuis Iesuiticae Theologiae complecti voluit /</subfield>
      <subfield code="r">Wilhelmus Bidembach --</subfield>
      <subfield code="t">Breue Colloquium Iesuiticum, toti orbi Christiano, ad rectè cognoscenda[m], hactenus non satis perspectam Iesuitarum relgionem, vtilissimum /</subfield>
      <subfield code="r">habitum à [...] Paulo Florenio, cum Christiano Francken.</subfield>
    </datafield>
    <datafield tag="505" ind1="0" ind2="0">
      <subfield code="g">Volume 2:</subfield>
      <subfield code="t">Guilielmi Whitakeri ad decem rationes Edmundi Campiani Iesuita, Christiana Responsio --</subfield>
      <subfield code="t">Responsionis ad decem illas rationes, quibus fretus Edmundus Campianus certamen Ecclesiae Anglicanae ministris obtulit in causa fidei, Defensio contra Confutationem Ioannis Duraei Scoti, Presbyteri Iesuitae /</subfield>
      <subfield code="r">Guilielmo Whitakero --</subfield>
      <subfield code="t">Pharisaismus vetus &amp; nouus, siue de fermento Pharisaeorum et Iesuitarum /</subfield>
      <subfield code="r">Laurentij Humfredi concio in festo Cinerum, anno Dom. 1582. Habita --</subfield>
      <subfield code="t">Characteres Iesuitarum, id est Notae, ex Prophetarum, Apostolorum, &amp; Apostolicorum virorum scriptis per Centurias collectae, quibus Nouae illius Societatis, fibi nomen Iesu falsò tribuentis, facies &amp; attes ad viuum depictae representantur.</subfield>
    </datafield>
    <datafield tag="505" ind1="0" ind2="0">
      <subfield code="g">Volume 3:</subfield>
      <subfield code="a">Apologetica Epistola, seu praefatio D. Laurentii Humfredi, ad Oxoniensis Academiae Cancellarium --</subfield>
      <subfield code="t">De praxi Romanorum Pontificum, et de Legatione Iesuitarum in Angliam Admonitio /</subfield>
      <subfield code="r">[Laurentius Humfredus] --</subfield>
      <subfield code="t">Puritanopapismi, seu Doctrinae Iesuiticae aliquot Rationibus av Ed. Campiano comprehensae, &amp; à Ioan. Duraeo defensae, Confutatio /</subfield>
      <subfield code="r">[Laurentius Humfredus] --</subfield>
      <subfield code="t">Disputatio Ioannis Foxij, Angli, contra Iesuitas et eorum argumenta, quibus inhaerentem Iustitiam ex Aristotele confirmant --</subfield>
      <subfield code="t">Variae Doctorum Theologorum Theses, aduersus nonnulla Iesuitarum dogmata --</subfield>
      <subfield code="t">Characterum Iesuiticorum, centuria secunda [-tertia].</subfield>
    </datafield>
    <datafield tag="505" ind1="0" ind2="0">
      <subfield code="g">Volume 4:</subfield>
      <subfield code="t">Io. Serrani Quartus Anti-Iesuita, siue, pro verbo dei scripto et verè Catholica Ecclesia, adversus Ioannis Hayi Monachi Iesuitae commenta &amp; conuitia, Responsionis --</subfield>
      <subfield code="t">Gratianus Anti Iesuita, id est, Canonum, ex Scriptis Veterum Theologorum, à Gratiano in illud volumen (quod Decretum appellatur) collectoru[m], &amp; Doctrinae Iesuiticae, ex variis istius nuperae Sectae Mataeologorum scriptis excerptae, Collatio, à quodam studioso veritatis instituta, &amp; nunc primùm in lucem edita --</subfield>
      <subfield code="t">Defensionis verae, orthodoxae, veterisqve In Ecclesia sententiae, de sacramento corporis &amp; sanguinis Domini nostri Iesu Christi, veráque eius in Coena sua praesentia, contra nouum &amp; commentitium Transubstantiationis dogma, aliósque errores ex illo natos, libri tres. Ad Petrum Scargam Iesuitam Vilnensem, vanissimi huius commenti propugnatorem /</subfield>
      <subfield code="r">Autore Andrea Volano. Respondetur hîc quoque obiter Francisco Turriano, ex eadem factione Monacho, qui duobus libris, altero Florentiae, altero Romae publicatis, Scargam sibi suscepit, contra Volanum, defendendum. --</subfield>
      <subfield code="t">Characterum Iesuiticorum, centuria qrarta [sic], ex D. Augustini scriptis Polemicis collecta.</subfield>
    </datafield>
    <datafield tag="505" ind1="0" ind2="0">
      <subfield code="g">Volume 5:</subfield>
      <subfield code="t">Dauidis Chytraei Responsio ad Antonij Posseuini Iesuitae, et Mylonij cuiusdam criminationes --</subfield>
      <subfield code="t">Sex theses de Sacra Scriptura, et Ecclesia. Publicis in Academia Oxoniensi disputationibus /</subfield>
      <subfield code="r">propositae, explicatae, defensae, a Ioanne Rainoldo --</subfield>
      <subfield code="t">De iustificatione hominis coram deo, breuis et simplex demonstratio, ex scriptis sanctoru[m] Prophetarum &amp; Apostolorum excerpta, &amp; Iesuuitic[a]e sectae cauillis opposita /</subfield>
      <subfield code="r">A. G. H. Authore --</subfield>
      <subfield code="t">Disputatio de lectione veterum Scriptorum Ecclesiasticorum, contra Iesuitas, qui patres dignitate cum consensu Bibliorum exaequare conantur. Instituta publicè, duabus vicibus, in gymnasio Dantiscano /</subfield>
      <subfield code="r">Andrea Frank, tunc temporis Rectore --</subfield>
      <subfield code="t">Ad Iacobi Ledesimae, Monachinovae societatis, quam non sine blasphemia, societatem Iesu nominant, libellum, quo probare nititur, Diuinas scripturas, quauis passim lingua non esse legendas, &amp; sacrificium Missae, in Ecclesia Christi, Hebraea tantùm, Gr[a]eca, aut Latina lingua celebrandum --</subfield>
      <subfield code="t">Analysis et refutatio Disputationis Caroli a Lotaringia in academia Mussipontana /</subfield>
      <subfield code="r">Th. R. T. --</subfield>
      <subfield code="t">Analysis et refutatio Disputationis Sellae, praeside Gregorius de Valentia, de diffrentia veteris et nouae legis /</subfield>
      <subfield code="r">Th. R. T.</subfield>
    </datafield>
    <datafield tag="505" ind1="0" ind2="0">
      <subfield code="g">Volume 6:</subfield>
      <subfield code="t">Io. Serrani, Quarti Anti-Iesuitae, siue de vera verae Ecclesiae autoritate, aduersus Ioannis Hayi monachi-Iesuitae commenta &amp; conuicia, Responsionis posterior pars --</subfield>
      <subfield code="t">Gratiani Anti-Iesuita pars altera. Id est, Canonum, ex scriptis Veterum Theologorum, à Gratiano in illud volumen (quod Decretum appellatur) co[n]gestorum, &amp; soctrinae Iesuiticae, ex variis istius nuper[a]e, Sectae Mataeologorum scriptis exceptae, collatio. In qua de Christi praesentia in Eucharistiae Sacramento, de manducatione carnis Christi, de Communione sub vtraque specie, de reseruatione, de Sacrificio, de missae papisticae erroribus, agitur.</subfield>
    </datafield>
    <datafield tag="510" ind1="4" ind2=" ">
      <subfield code="a">GLN 15-16,</subfield>
      <subfield code="c">7055-7060</subfield>
    </datafield>
    <datafield tag="510" ind1="4" ind2=" ">
      <subfield code="a">Bibliothèque de la Compagnie de Jésus,</subfield>
      <subfield code="c">11, 14</subfield>
    </datafield>
    <datafield tag="510" ind1="4" ind2=" ">
      <subfield code="a">Répertoire bibliographique des livres imprimés en France au seizième siècle,</subfield>
      <subfield code="c">livr. 16, 51 (2)</subfield>
    </datafield>
    <datafield tag="546" ind1=" " ind2=" ">
      <subfield code="a">In Latin, with some passages in Greek.</subfield>
    </datafield>
    <datafield tag="581" ind1=" " ind2=" ">
      <subfield code="a">Van Raalte, Theodore G., “‘Noster Theophilus’: the fictitious ‘printer’ whose anti-Jesuit volumes issued from various presses in Geneva between 1580 and 1589”. In: Bibliothèque d’Humanisme et Renaissance, vol. 74, no. 3 (2012), pp. 569-591.</subfield>
    </datafield>
    <datafield tag="610" ind1="2" ind2="0">
      <subfield code="a">Jesuits</subfield>
      <subfield code="v">Controversial literature</subfield>
      <subfield code="v">Early works to 1800.</subfield>
    </datafield>
    <datafield tag="610" ind1="2" ind2="0">
      <subfield code="a">Jesuits</subfield>
      <subfield code="x">Doctrines</subfield>
      <subfield code="v">Early works to 1800.</subfield>
    </datafield>
    <datafield tag="610" ind1="2" ind2="7">
      <subfield code="a">Jesuits</subfield>
      <subfield code="2">fast</subfield>
    </datafield>
    <datafield tag="650" ind1=" " ind2="7">
      <subfield code="a">Theology, Doctrinal</subfield>
      <subfield code="2">fast</subfield>
    </datafield>
    <datafield tag="655" ind1=" " ind2="7">
      <subfield code="a">Controversial literature</subfield>
      <subfield code="2">fast</subfield>
    </datafield>
    <datafield tag="655" ind1=" " ind2="7">
      <subfield code="a">Early works</subfield>
      <subfield code="2">fast</subfield>
    </datafield>
    <datafield tag="700" ind1="1" ind2=" ">
      <subfield code="a">Le Roy, Théophile,</subfield>
      <subfield code="d">active 1580-1589,</subfield>
      <subfield code="e">printer.</subfield>
      <subfield code="4">prt</subfield>
      <subfield code="1">https://id.oclc.org/worldcat/entity/E39PCjHvGCjm4bxdhcxtvTcYxC</subfield>
    </datafield>
    <datafield tag="700" ind1="1" ind2=" ">
      <subfield code="a">Vignon, Eustache,</subfield>
      <subfield code="d">1530-1588,</subfield>
      <subfield code="e">attributed name,</subfield>
      <subfield code="e">printer.</subfield>
      <subfield code="4">att</subfield>
      <subfield code="4">prt</subfield>
      <subfield code="1">https://id.oclc.org/worldcat/entity/E39PBJvhq9F38mbg4rKw78pkjC</subfield>
    </datafield>
    <datafield tag="700" ind1="1" ind2="2">
      <subfield code="i">Container of (work):</subfield>
      <subfield code="a">Chemnitz, Martin,</subfield>
      <subfield code="d">1522-1586.</subfield>
      <subfield code="t">Theologiae Iesuitarum.</subfield>
    </datafield>
    <datafield tag="700" ind1="1" ind2="2">
      <subfield code="i">Container of (work):</subfield>
      <subfield code="a">Boquin, Pierre,</subfield>
      <subfield code="d">-1582.</subfield>
      <subfield code="t">Assertio veteris ac veri Christianismi aduersus nouum et fictum Iesuuitismum seu societatem Iesu.</subfield>
    </datafield>
    <datafield tag="700" ind1="1" ind2="2">
      <subfield code="i">Container of (work):</subfield>
      <subfield code="a">Florenius, Paulus.</subfield>
      <subfield code="t">Colloquium Iesuiticum.</subfield>
    </datafield>
    <datafield tag="700" ind1="1" ind2=" ">
      <subfield code="a">Gotvisus, Donatus,</subfield>
      <subfield code="d">1546-1590,</subfield>
      <subfield code="e">contributor.</subfield>
      <subfield code="4">ctb</subfield>
    </datafield>
    <datafield tag="700" ind1="1" ind2="2">
      <subfield code="i">Container of (work):</subfield>
      <subfield code="a">Bidembach, Wilhelm,</subfield>
      <subfield code="d">1538-1572.</subfield>
      <subfield code="t">Consensus Iesuitatum et Christianorum in doctrina Religionis.</subfield>
    </datafield>
    <datafield tag="700" ind1="1" ind2="2">
      <subfield code="i">Container of (work):</subfield>
      <subfield code="a">Whitaker, William,</subfield>
      <subfield code="d">1548-1595.</subfield>
      <subfield code="t">Ad Rationes decem Edmundi Campiani Jesuitae responsio.</subfield>
    </datafield>
    <datafield tag="700" ind1="1" ind2="2">
      <subfield code="i">Container of (expression):</subfield>
      <subfield code="a">Campion, Edmund,</subfield>
      <subfield code="c">Saint,</subfield>
      <subfield code="d">1540-1581.</subfield>
      <subfield code="t">Rationes decem.</subfield>
      <subfield code="k">Selections.</subfield>
    </datafield>
    <datafield tag="700" ind1="1" ind2="2">
      <subfield code="i">Container of (work):</subfield>
      <subfield code="a">Whitaker, William,</subfield>
      <subfield code="d">1548-1595.</subfield>
      <subfield code="t">Responsionis ad decem illas rationes.</subfield>
    </datafield>
    <datafield tag="700" ind1="1" ind2="2">
      <subfield code="i">Container of (expression):</subfield>
      <subfield code="a">Durie, John,</subfield>
      <subfield code="d">-1588.</subfield>
      <subfield code="t">Confutatio responsionis Gulielmi Whitakeri.</subfield>
      <subfield code="k">Selections.</subfield>
    </datafield>
    <datafield tag="700" ind1="1" ind2="2">
      <subfield code="i">Container of (work):</subfield>
      <subfield code="a">Humphrey, Laurence,</subfield>
      <subfield code="d">1525 or 1526-1589.</subfield>
      <subfield code="t">Pharisaismus vetus &amp; novus.</subfield>
    </datafield>
    <datafield tag="700" ind1="1" ind2="2">
      <subfield code="i">Container of (work):</subfield>
      <subfield code="a">Humphrey, Laurence,</subfield>
      <subfield code="d">1525 or 1526-1589.</subfield>
      <subfield code="t">Apologetica epistola.</subfield>
    </datafield>
    <datafield tag="700" ind1="1" ind2="2">
      <subfield code="i">Container of (work):</subfield>
      <subfield code="a">Humphrey, Laurence,</subfield>
      <subfield code="d">1525 or 1526-1589.</subfield>
      <subfield code="t">De praxi Romanorum Pontificum.</subfield>
    </datafield>
    <datafield tag="700" ind1="1" ind2="2">
      <subfield code="i">Container of (work):</subfield>
      <subfield code="a">Humphrey, Laurence,</subfield>
      <subfield code="d">1525 or 1526-1589.</subfield>
      <subfield code="t">Puritanopapismi, seu Doctrinae Iesuiticae.</subfield>
    </datafield>
    <datafield tag="700" ind1="1" ind2="2">
      <subfield code="i">Container of (work):</subfield>
      <subfield code="a">Foxe, John,</subfield>
      <subfield code="d">1516-1587.</subfield>
      <subfield code="t">Disputatio contra Jesuitas.</subfield>
    </datafield>
    <datafield tag="700" ind1="1" ind2="2">
      <subfield code="i">Container of (work):</subfield>
      <subfield code="a">Serres, Jean de,</subfield>
      <subfield code="d">1540?-1598.</subfield>
      <subfield code="t">Quartus Anti-Iesuita.</subfield>
    </datafield>
    <datafield tag="700" ind1="1" ind2=" ">
      <subfield code="a">Hay, John,</subfield>
      <subfield code="d">1546-1607,</subfield>
      <subfield code="e">contributor.</subfield>
      <subfield code="4">ctb</subfield>
      <subfield code="1">https://id.oclc.org/worldcat/entity/E39PBJpV67YhB4PJ4Q7dHgKPQq</subfield>
    </datafield>
    <datafield tag="700" ind1="0" ind2="2">
      <subfield code="i">Container of (expression):</subfield>
      <subfield code="a">Gratian,</subfield>
      <subfield code="d">active 12th century.</subfield>
      <subfield code="t">Decretum.</subfield>
      <subfield code="k">Selections.</subfield>
    </datafield>
    <datafield tag="700" ind1="1" ind2="2">
      <subfield code="i">Container of (work):</subfield>
      <subfield code="a">Volanus, Andreas,</subfield>
      <subfield code="d">1530-1610.</subfield>
      <subfield code="t">Defensionis verae, orthodoxae, veterisque in Ecclesia sententiae.</subfield>
    </datafield>
    <datafield tag="700" ind1="1" ind2="2">
      <subfield code="i">Container of (work):</subfield>
      <subfield code="a">Chytraeus, David,</subfield>
      <subfield code="d">1531-1600.</subfield>
      <subfield code="t">Responsio ad Antonii Possevini.</subfield>
    </datafield>
    <datafield tag="700" ind1="1" ind2="2">
      <subfield code="i">Container of (work):</subfield>
      <subfield code="a">Rainolds, John,</subfield>
      <subfield code="d">1549-1607.</subfield>
      <subfield code="t">Sex theses de Sacra Scriptura et ecclesia.</subfield>
    </datafield>
    <datafield tag="700" ind1="1" ind2="2">
      <subfield code="i">Container of (work):</subfield>
      <subfield code="a">Franckenberger, Andreas,</subfield>
      <subfield code="d">1536-1590.</subfield>
      <subfield code="t">Disputatio de lectione veterum Scriptorum Ecclesiasticorum, contra Jesuitas.</subfield>
    </datafield>
    <datafield tag="700" ind1="1" ind2="2">
      <subfield code="i">Container of (expression):</subfield>
      <subfield code="a">Pinelli, Luca,</subfield>
      <subfield code="d">1542-1607.</subfield>
      <subfield code="t">De ecclesia theologica disputatio.</subfield>
    </datafield>
    <datafield tag="700" ind1="1" ind2="2">
      <subfield code="i">Container of (expression):</subfield>
      <subfield code="a">Sessel, Christoph.</subfield>
      <subfield code="t">Disputatio theologica de vera et falsa differentia veteris et novae legis.</subfield>
    </datafield>
    <datafield tag="700" ind1="1" ind2=" ">
      <subfield code="3">Consensus Iesuitatum</subfield>
      <subfield code="a">Torres, Jerónimo,</subfield>
      <subfield code="e">dedicatee.</subfield>
      <subfield code="4">dte</subfield>
      <subfield code="1">https://id.oclc.org/worldcat/entity/E39PBJg8H9KcJFPfCMkVGVrpfq</subfield>
    </datafield>
    <datafield tag="700" ind1="1" ind2=" ">
      <subfield code="a">Burghley, William Cecil,</subfield>
      <subfield code="c">Baron,</subfield>
      <subfield code="d">1520-1598,</subfield>
      <subfield code="e">dedicatee.</subfield>
      <subfield code="4">dte</subfield>
      <subfield code="1">https://id.oclc.org/worldcat/entity/E39PBJyhhQfC76P7ThWQp4tBT3</subfield>
    </datafield>
    <datafield tag="700" ind1="1" ind2=" ">
      <subfield code="3">Apologetica epistola</subfield>
      <subfield code="a">Leicester, Robert Dudley,</subfield>
      <subfield code="c">Earl of,</subfield>
      <subfield code="d">1532?-1588,</subfield>
      <subfield code="e">dedicatee.</subfield>
      <subfield code="4">dte</subfield>
      <subfield code="1">https://id.oclc.org/worldcat/entity/E39PBJcGqyjXTGtMtqhKjGyyBP</subfield>
    </datafield>
    <datafield tag="700" ind1="0" ind2=" ">
      <subfield code="3">Defensionis verae, orthodoxae, veterisque in Ecclesia sententiae</subfield>
      <subfield code="a">Stefan Batory,</subfield>
      <subfield code="c">King of Poland,</subfield>
      <subfield code="d">1533-1586,</subfield>
      <subfield code="e">dedicatee.</subfield>
      <subfield code="4">dte</subfield>
      <subfield code="1">https://id.oclc.org/worldcat/entity/E39PBJg4pQqdvyrhjMMWtwjKVC</subfield>
    </datafield>
    <datafield tag="700" ind1="0" ind2=" ">
      <subfield code="3">Responsio ad Antonii Possevini</subfield>
      <subfield code="a">John</subfield>
      <subfield code="b">III,</subfield>
      <subfield code="c">King of Sweden,</subfield>
      <subfield code="d">1537-1592,</subfield>
      <subfield code="e">dedicatee.</subfield>
      <subfield code="4">dte</subfield>
      <subfield code="1">https://id.oclc.org/worldcat/entity/E39PBJtCDhTvm9HcKKhBQvKKh3</subfield>
    </datafield>
    <datafield tag="730" ind1="0" ind2="2">
      <subfield code="i">Container of (work):</subfield>
      <subfield code="a">Characterum Iesuitarum.</subfield>
    </datafield>
    <datafield tag="730" ind1="0" ind2="2">
      <subfield code="i">Container of (work):</subfield>
      <subfield code="a">Variae Doctorum Theologorum Theses.</subfield>
    </datafield>
    <datafield tag="730" ind1="0" ind2="2">
      <subfield code="i">Container of (work):</subfield>
      <subfield code="a">De justificatione hominis coram deo, brevis et simplex demonstratio</subfield>
    </datafield>
    <datafield tag="730" ind1="0" ind2="2">
      <subfield code="i">Container of (work):</subfield>
      <subfield code="a">Ad Jacobi Ledesimae, Monachinovae societatis, quam non sine blasphemia, societatem Jesu nominant, libellum, quo probare nititur, Divinas scripturas.</subfield>
    </datafield>
    <datafield tag="730" ind1="0" ind2="2">
      <subfield code="i">Container of (work):</subfield>
      <subfield code="a">Analysis et refutatio Disputationis Caroli a Lotaringia in academia Mussipontana.</subfield>
    </datafield>
    <datafield tag="730" ind1="0" ind2="2">
      <subfield code="i">Container of (work):</subfield>
      <subfield code="a">Analysis et refutatio Disputationis Sellae, praeside Gregorius de Valentia, de diffrentia veteris et novae legis</subfield>
    </datafield>
    <datafield tag="752" ind1=" " ind2=" ">
      <subfield code="a">Switzerland</subfield>
      <subfield code="d">Geneva,</subfield>
      <subfield code="e">publication place,</subfield>
      <subfield code="e">attributed name.</subfield>
      <subfield code="4">pup</subfield>
      <subfield code="4">att</subfield>
    </datafield>
    <datafield tag="752" ind1=" " ind2=" ">
      <subfield code="a">France</subfield>
      <subfield code="d">La Rochelle,</subfield>
      <subfield code="e">fictitious printing place.</subfield>
    </datafield>
  </record>